000 00457nam a2200097Ia 4500
008 180130s9999 xx 000 0 und d
245 _cGordon, Lawrence A.; Loeb, Martin P.; Lucyshyn, William; Zhou, Lei
_aExternalities and the magnitude of cyber security underinvestment by private sector firms: a modification of the Gordon-Loeb model
260 _c2015
300 _aBook title: Cyber security--Acession number C20544; pages 21-32
650 _aCYBER SECURITY
999 _c354206
_d354206